BSOP header

Elmer Gantry / (Record no. 48698)

MARC details
000 -LEADER
fixed length control field 00665nam a2200229I 4500
001 - CONTROL NUMBER
control field 22969375
005 - DATE AND TIME OF LATEST TRANSACTION
control field 20191104103342.0
008 - FIXED-LENGTH DATA ELEMENTS--GENERAL INFORMATION
fixed length control field 921027s1980 nyu 000 0 eng u
020 ## - INTERNATIONAL STANDARD BOOK NUMBER
International Standard Book Number 0451520122
020 ## - INTERNATIONAL STANDARD BOOK NUMBER
International Standard Book Number 9780451520128
035 ## - SYSTEM CONTROL NUMBER
System control number (OCoLC)22969375
040 ## - CATALOGING SOURCE
Transcribing agency OSU
Modifying agency OCL
-- TSC
-- UtOrBLW
049 ## - LOCAL HOLDINGS (OCLC)
Holding library SJYA
100 1# - MAIN ENTRY--PERSONAL NAME
Personal name Lewis, Sinclair,
Dates associated with a name 1885-1951.
245 10 - TITLE STATEMENT
Title Elmer Gantry /
Statement of responsibility, etc by Sinclair Lewis with an afterword by Mark Schorer.
260 ## - PUBLICATION, DISTRIBUTION, ETC. (IMPRINT)
Place of publication, distribution, etc [New York] :
Name of publisher, distributor, etc New American Library,
Date of publication, distribution, etc [1980]
300 ## - PHYSICAL DESCRIPTION
Extent 430 pages ;
Dimensions 18 cm.
336 ## - CONTENT TYPE
Content Type Term text
Source rdacontent.
337 ## - MEDIA TYPE
Media Type Term unmediated
Source rdamedia.
338 ## - CARRIER TYPE
Carrier Type Term volume
Source rdacarrier.
942 ## - ADDED ENTRY ELEMENTS (KOHA)
Source of classification or shelving scheme Library of Congress Classification
Item type Books
Holdings
Withdrawn status Lost status Source of classification or shelving scheme Damaged status Not for loan Home library Current library Shelving location Date acquired Inventory number Total Checkouts Full call number Barcode Date last seen Price effective from Koha item type
    Library of Congress Classification     BSOP Library BSOP Library GC 11/04/2019 17944   PS3523 L58g 00021296 11/04/2019 11/04/2019 Books
BSOP

Biblical Seminary of the Philippines
  All rights Reserved
  © 2024

CONTACT INFORMATION

Biblical Seminary of the Philippines,
  77-B Karuhatan Road, Valenzuela City,
  PHILIPPINES 1441
  Phone: +632 8292-6795 / 8292-6798
  Fax : +632 8292-6675
  Email: library@bsop.edu.ph